| 000 | 00476nam a22001697a 4500 | ||
|---|---|---|---|
| 005 | 20231010183737.0 | ||
| 008 | 231010b |||||||| |||| 00| 0 eng d | ||
| 020 | _a9788177585636 | ||
| 082 |
_a658.072 _bKRI-M |
||
| 100 | _aKrishnaswamy,K.N | ||
| 245 |
_aManagement Research Methodology _b Integration of Principles, Methods and Techniques |
||
| 260 |
_aIndia _bPearson _c2006 |
||
| 300 | _a573 | ||
| 500 | _aInclude Index | ||
| 650 | _aMnagment | ||
| 700 | _aKrishnaswamy,K.N | ||
| 999 |
_c33846 _d33846 |
||